History and crime (Record no. 1857)
[ view plain ]
| 000 -LEADER | |
|---|---|
| fixed length control field | 01848nam a2200421 a 4500 |
| 082 04 - DEWEY DECIMAL CLASSIFICATION NUMBER | |
| Classification number | 364.109 |
| 100 1# - MAIN ENTRY--AUTHOR NAME | |
| Personal name | Godfrey, Barry S. |
| 245 10 - TITLE STATEMENT | |
| Title | History and crime |
| 260 ## - PUBLICATION, DISTRIBUTION, ETC. (IMPRINT) | |
| Place of publication | London : |
| Name of publisher | SAGE, |
| Year of publication | 2007. |
| 300 ## - PHYSICAL DESCRIPTION | |
| Number of Pages | 197 p. : |
| Other physical details | ill. |
| 490 1# - SERIES STATEMENT | |
| Series statement | Key approaches to criminology |
| 505 0# - FORMATTED CONTENTS NOTE | |
| Formatted contents note | Introduction -- History, criminology, and "historical criminology" -- The history of criminal statistics -- Police governance : enforcement, discretion, professionalism, and accountability -- Changing perceptions of criminality -- Immigration, ethnicity, race, and crime -- Surveillance : from the workplace to the streets? -- Incarceration and decarceration -- Glossary. |
| 650 #0 - SUBJECT ADDED ENTRY--TOPICAL TERM | |
| Topical Term | Crime |
| Topical Term | Criminology |
| Topical Term | Criminal justice, Administration of |
| 700 1# - ADDED ENTRY--PERSONAL NAME | |
| Personal name | Lawrence, Paul, |
| Personal name | Williams, Chris A. |
| 856 40 - ELECTRONIC LOCATION AND ACCESS | |
| Uniform Resource Identifier | http://site.ebrary.com/lib/rucke/Doc?id=10285204 |
No items available.
